[Event "Zlin Region-chT 2324"]
[Site "Czech Republic"]
[Date "2024.01.07"]
[Round "5.7"]
[White "Ficenc, Libor"]
[Black "Krcmar, Milan"]
[Result "0-1"]
[WhiteElo "1878"]
[BlackElo "1927"]
[PlyCount "88"]
[EventDate "2023.10.22"]
[EventType "team-tourn"]
[EventRounds "11"]
[EventCountry "CZE"]
[SourceTitle "EXT 2025"]
[Source "ChessBase"]
[SourceDate "2024.10.14"]
[SourceVersion "1"]
[SourceVersionDate "2024.10.14"]
[SourceQuality "1"]
[WhiteTeam "Vlcnov "]
[BlackTeam "Francova Lhota Sokol"]
[WhiteTeamCountry "CZE"]
[BlackTeamCountry "CZE"]

1. Nf3 Nf6 2. g3 b6 3. Bg2 Bb7 4. 0-0 g6 5. d4 Bg7 6. c3 0-0 7. Re1 d6 8. Nbd2 Nbd7 9. e4 e5 10. Qc2 Re8 11. d5 a5 12. b3 Nc5 13. Bb2 Ba6 14. c4 b5 15. cxb5 Bxb5 16. Bf1 Bxf1 17. Rxf1 Nfd7 18. Ba3 f5 19. Bxc5 Nxc5 20. Rac1 Qf6 21. Ne1 Bh6 22. f3 Qg5 23. Rd1 Qh5 24. Ng2 Rf8 25. Rf2 Bxd2 26. Rdxd2 fxe4 27. fxe4 Rxf2 28. Rxf2 Qg4 29. Ne3 Qxe4 30. Qxe4 Nxe4 31. Rc2 Nc5 32. Nc4 Nd7 33. Ne3 Ra7 34. Kg2 Kg7 35. h4 h5 36. Nd1 Nc5 37. Nc3 Rb7 38. Nd1 Rb4 39. Ne3 Rb7 40. Nc4 Rb5 41. Kf3 a4 42. bxa4 Nxa4 43. Ne3 Nc5 44. Nc4 Kf6 0-1

[Event "Zlin Region-chT 2223"]
[Site "Czech Republic"]
[Date "2023.01.15"]
[Round "6.4"]
[White "Blaha, Petr"]
[Black "Ficenc, Libor"]
[Result "1-0"]
[WhiteElo "1953"]
[BlackElo "1896"]
[PlyCount "80"]
[EventDate "2022.10.09"]
[EventType "team-tourn"]
[EventRounds "11"]
[EventCountry "CZE"]
[SourceTitle "EXT 2024"]
[Source "ChessBase"]
[SourceDate "2023.10.10"]
[SourceVersion "1"]
[SourceVersionDate "2023.10.10"]
[SourceQuality "1"]
[WhiteTeam "Stare Mesto II"]
[BlackTeam "Vlcnov  II"]
[WhiteTeamCountry "CZE"]
[BlackTeamCountry "CZE"]

1. d4 Nf6 2. Nf3 g6 3. c4 d6 4. Nc3 Bg7 5. e4 Nbd7 6. h3 c5 7. Be3 0-0 8. d5 Qa5 9. Bd3 a6 10. a4 Ne8 11. Bd2 Qb6 12. 0-0 Ne5 13. Nxe5 Bxe5 14. a5 Qc7 15. Na4 Bd7 16. Nb6 Rd8 17. Ra2 Bg7 18. Qc1 Nf6 19. Bh6 Be8 20. Bxg7 Kxg7 21. Qc3 Kg8 22. f4 Nd7 23. Nxd7 Bxd7 24. e5 e6 25. b3 exd5 26. cxd5 Bb5 27. Bc4 Rfe8 28. Re1 Re7 29. Rae2 Rde8 30. h4 Qd8 31. Kf2 Rd7 32. g3 Rde7 33. Re3 h5 34. exd6 Rxe3 35. Rxe3 Rxe3 36. Qxe3 Qxd6 37. Qe5 Qd8 38. Bxb5 axb5 39. d6 Qxa5 40. Qd5 Kf8 1-0

[Event "CZE-chT2E 1718"]
[Site "Czech Republic"]
[Date "2018.02.25"]
[Round "9.7"]
[White "Kocian, Miroslav"]
[Black "Ficenc, Libor"]
[Result "1-0"]
[WhiteElo "2027"]
[BlackElo "1936"]
[PlyCount "95"]
[EventDate "2017.10.15"]
[EventType "team-tourn"]
[EventRounds "11"]
[EventCountry "CZE"]
[SourceTitle "EXT 2022"]
[Source "ChessBase"]
[SourceDate "2021.10.06"]
[SourceVersion "1"]
[SourceVersionDate "2021.10.06"]
[SourceQuality "1"]
[WhiteTeam "Zlin"]
[BlackTeam "Vlcnov"]
[WhiteTeamCountry "CZE"]
[BlackTeamCountry "CZE"]

1. e4 d6 2. d4 Nf6 3. Nc3 Nbd7 4. f4 e5 5. Nf3 exd4 6. Qxd4 Be7 7. Bc4 Nb6 8. Be2 0-0 9. 0-0 Re8 10. b3 Nfd7 11. Bb2 Bf6 12. Qe3 Qe7 13. Nd2 Nc5 14. Bf3 Ne6 15. Nd1 Bxb2 16. Nxb2 Qf6 17. Nd3 Qd4 18. Rae1 Bd7 19. c4 a5 20. Bd1 Bc6 21. Rf3 Nd7 22. g4 Ndc5 23. Nxc5 Qxe3+ 24. Rfxe3 Nxc5 25. Kf2 Bxe4 26. Nxe4 Rxe4 27. Rxe4 Nd3+ 28. Kf3 Nxe1+ 29. Rxe1 Kf8 30. Bc2 h6 31. Be4 Rb8 32. h4 Re8 33. Re3 Rb8 34. g5 b5 35. cxb5 Rxb5 36. Bc6 Rb8 37. Kg4 hxg5 38. Kxg5 d5 39. Rd3 Rb6 40. Bxd5 Rg6+ 41. Kf5 Rd6 42. Bc4 Rf6+ 43. Ke4 Ke7 44. Rd5 a4 45. bxa4 Rh6 46. h5 Rb6 47. a5 Rb4 48. Kd4 1-0